书目信息 |
| 题名: |
草原之子
|
|
| 作者: | 吴燕 , 陈志辉 著 | |
| 分册: | ||
| 出版信息: | 北京 上海交通大学出版社 2017.01 |
|
| 页数: | 236页 | |
| 开本: | 24cm | |
| 丛书名: | 老科学家学术成长资料采集工程丛书 | |
| 单 册: | ||
| 中图分类: | K826.3=75 | |
| 科图分类: | ||
| 主题词: | 科学家--ke xue jia--传记--中国--现代 | |
| 电子资源: | ||
| ISBN: | 978-7-5046-7137-0 | |
| 000 | 01280nam 2200325 450 | |
| 001 | CAL 0120172223532 | |
| 005 | 20230217093111.0 | |
| 010 | @a978-7-5046-7137-0@dCNY70.00 | |
| 100 | @a20170621d2017 em y0chiy0120 ea | |
| 101 | 0 | @achi |
| 102 | @aCN@b110000@aCN@b310000 | |
| 105 | @aa a 000yb | |
| 106 | @ar | |
| 200 | 1 | @a草原之子@Acao yuan zhi zi@e李博传@f吴燕, 陈志辉著 |
| 210 | @a北京@c上海交通大学出版社@a上海@c中国科学技术出版社@d2017.01 | |
| 215 | @a236页@c图@d24cm | |
| 225 | 2 | @a老科学家学术成长资料采集工程丛书@Alao ke xue jia xue shu cheng chang zi liao cai ji gong cheng cong shu@h第四批 |
| 225 | 2 | @a中国工程院院士传记丛书@Azhong guo gong cheng yuan yuan shi zhuan ji cong shu |
| 320 | @a有书目 | |
| 330 | @a本书主要内容包括: 少年时光、华北大学的农学生、李继侗先生的“研究生”、初涉考察、草原的召唤、远征沙漠、早期草原生态研究、重返草原等。 | |
| 410 | 0 | @12001 @a老科学家学术成长资料采集工程丛书 |
| 410 | 0 | @12001 @a中国工程院院士传记丛书 |
| 517 | 1 | @a李博传@Ali bo zhuan |
| 600 | 0 | @a李博,@Ali bo ,@f1929-1998@x传记 |
| 606 | 0 | @a科学家@Ake xue jia@x传记@y中国@z现代 |
| 690 | @aK826.3=75@v5 | |
| 701 | 0 | @a吴燕@Awu yan@4著 |
| 701 | 0 | @a陈志辉@Achen zhi hui@4著 |
| 801 | 0 | @aCN@bBJXHZP@c20230228 |
| 905 | @b1388133-7@dK826.3=75@e274@f5 | |
| 草原之子:李博传/吴燕, 陈志辉著.-北京:上海交通大学出版社;上海:中国科学技术出版社,2017.01 |
| 236页:图;24cm.-(老科学家学术成长资料采集工程丛书.第四批).-(中国工程院院士传记丛书) |
| ISBN 978-7-5046-7137-0:CNY70.00 |
| 本书主要内容包括: 少年时光、华北大学的农学生、李继侗先生的“研究生”、初涉考察、草原的召唤、远征沙漠、早期草原生态研究、重返草原等。 |
| ● |
| 相关链接 |
|
|
|
|
正题名:草原之子
索取号:K826.3=75/274
 
预约/预借
| 序号 | 登录号 | 条形码 | 馆藏地/架位号 | 状态 | 备注 |
| 1 | 1388133 | 213881334 | 第二样本阅览室/ [索取号:K826.3=75/274] | 在馆 | |
| 2 | 1388134 | 213881343 | 第二借阅区/ [索取号:K826.3=75/274] | 在馆 | |
| 3 | 1388135 | 213881352 | 第二借阅区/ [索取号:K826.3=75/274] | 在馆 | |
| 4 | 1388136 | 213881361 | 第二借阅区/ [索取号:K826.3=75/274] | 在馆 | |
| 5 | 1388137 | 213881370 | 第二借阅区/ [索取号:K826.3=75/274] | 在馆 |